[Event "GER-ch Net Amateur Gr-B Vor2"]
[Site "Playchess.com INT"]
[Date "2020.04.15"]
[Round "9"]
[White "Lachenmaier, Stefan"]
[Black "Piskaykin, Bogdan"]
[Result "1/2-1/2"]
[WhiteElo "1724"]
[BlackElo "1666"]
[PlyCount "155"]
[EventDate "2020.04.15"]
[EventType "swiss (blitz)"]
[EventRounds "9"]
[EventCountry "GER"]
[SourceTitle "CBM 196 Extra"]
[Source "ChessBase"]
[SourceDate "2020.07.31"]
[SourceVersion "1"]
[SourceVersionDate "2020.07.31"]
[SourceQuality "1"]

1. e4 c5 2. Nc3 Nc6 3. g3 g6 4. d3 Bg7 5. Bg2 e6 6. Be3 d6 7. f4 Nge7 8. Nf3 0-0 9. 0-0 a6 10. a4 b6 11. h3 Bb7 12. g4 d5 13. exd5 Nxd5 14. Nxd5 exd5 15. c3 Re8 16. Bf2 Qd6 17. Qd2 Re7 18. Bh4 Ree8 19. f5 Ne5 20. Rae1 Nxf3+ 21. Bxf3 Be5 22. Qh6 Bg7 23. Qg5 h6 24. Qd2 g5 25. Bf2 Be5 26. h4 Bf4 27. Qc2 gxh4 28. Bxh4 Bg3 29. Bxg3 Qxg3+ 30. Qg2 Qh4 31. Rxe8+ Rxe8 32. Qf2 Qh3 33. Qg2 Qh4 34. d4 c4 35. Qh2 Qg5 36. Qf2 Re3 37. Re1 Rxe1+ 38. Qxe1 h5 39. Qe2 hxg4 40. Bxg4 Kg7 41. Kf2 Qf4+ 42. Bf3 Qxf5 43. Qe5+ Qxe5 44. dxe5 Kg6 45. Ke3 Kf5 46. Kd4 Ke6 47. Bg4+ Ke7 48. Bf5 Bc6 49. Bc8 a5 50. Bg4 f6 51. exf6+ Kxf6 52. Bf3 Bxa4 53. Bxd5 b5 54. Bc6 Kf5 55. Kc5 Bb3 56. Bxb5 Ke4 57. Bxc4 Ba4 58. Bb5 Bb3 59. Kb6 a4 60. Ka5 Ke3 61. Bxa4 Bc4 62. b3 Kd3 63. Kb4 Ba6 64. c4 Kd4 65. Bb5 Bb7 66. c5 Kd5 67. Bc4+ Kc6 68. Be2 Kc7 69. Kc4 Ba6+ 70. Kd5 Bxe2 71. b4 Bb5 72. Ke6 Kc6 73. Ke5 Ba4 74. Kd4 Bb5 75. Kc3 Kd5 76. Kb2 Kc6 77. Ka3 Kd5 78. Kb2 1/2-1/2

[Event "GER-ch Net Amateur Gr-B Vor2"]
[Site "Playchess.com INT"]
[Date "2020.04.15"]
[Round "1"]
[White "Piskaykin, Bogdan"]
[Black "Schneider, Birgit"]
[Result "1-0"]
[WhiteElo "1467"]
[BlackElo "1656"]
[PlyCount "67"]
[EventDate "2020.04.15"]
[EventType "swiss (blitz)"]
[EventRounds "9"]
[EventCountry "GER"]
[SourceTitle "CBM 196 Extra"]
[Source "ChessBase"]
[SourceDate "2020.07.31"]
[SourceVersion "1"]
[SourceVersionDate "2020.07.31"]
[SourceQuality "1"]

1. d4 d5 2. Nf3 Nf6 3. e3 e6 4. Bd3 Bd6 5. 0-0 c5 6. b3 Nc6 7. Bb2 cxd4 8. exd4 0-0 9. Nbd2 b6 10. Re1 Bb7 11. c4 Ne7 12. Rc1 Rc8 13. Qc2 Ng6 14. Qb1 Qd7 15. a3 Qe7 16. b4 dxc4 17. Bxc4 Qd8 18. Bd3 Nd5 19. Ne4 Be7 20. Rc3 Rxc3 21. Nxc3 Bf6 22. Ne4 Qe7 23. b5 Rc8 24. Rc1 h6 25. Rc2 Rxc2 26. Qxc2 Ndf4 27. d5 Bxd5 28. Qc8+ Kh7 29. Nxf6+ gxf6 30. Bxg6+ fxg6 31. Nd4 Nd3 32. Nc6 Bxc6 33. bxc6 Nxb2 34. Qd7 1-0

[Event "GER-ch Net Amateur Gr-B Vor1"]
[Site "Playchess.com INT"]
[Date "2020.04.14"]
[Round "4"]
[White "Piskaykin, Bogdan"]
[Black "Schoen, Florian"]
[Result "1-0"]
[WhiteElo "1489"]
[BlackElo "1506"]
[PlyCount "135"]
[EventDate "2020.04.14"]
[EventType "swiss (blitz)"]
[EventRounds "9"]
[EventCountry "GER"]
[SourceTitle "EXT 2021"]
[Source "ChessBase"]
[SourceDate "2020.10.23"]
[SourceVersion "1"]
[SourceVersionDate "2020.10.23"]
[SourceQuality "1"]

1. d4 d5 2. Nf3 Nf6 3. e3 e6 4. Bd3 c5 5. b3 Nc6 6. a3 Bd6 7. 0-0 0-0 8. Bb2 a6 9. Qc1 b5 10. c4 bxc4 11. bxc4 cxd4 12. exd4 dxc4 13. Bxc4 Bb7 14. Nbd2 Na5 15. Bd3 Rc8 16. Qd1 Nd5 17. Nb3 Nf4 18. Nxa5 Qxa5 19. Bc1 Qh5 20. Bxf4 Bxf4 21. h3 Rc3 22. Be2 Qg6 23. Nh4 Qg5 24. Nf3 Bxf3 25. Bxf3 Rfc8 26. Qe2 h6 27. Qe4 R3c4 28. Qb7 Rd8 29. Qxa6 Rcxd4 30. Qb6 Rd3 31. Qb7 Be5 32. Qe4 Bxa1 33. Rxa1 Qf5 34. Qh4 Qg5 35. Qxg5 hxg5 36. a4 R3d6 37. a5 Ra6 38. Bb7 Ra7 39. a6 Rb8 40. Rc1 Kh7 41. Rc5 Kg6 42. Kh2 Kf6 43. Kg3 Rd8 44. f3 Rd6 45. Ra5 Rd8 46. Rc5 Kg6 47. Rc6 Kh5 48. Rc7 Kg6 49. Rc6 Kf5 50. Rc7 Rf8 51. Rd7 f6 52. Be4+ Ke5 53. Bb7 f5 54. Rxg7 f4+ 55. Kg4 Rh8 56. Kxg5 Re8 57. h4 Rd8 58. h5 Rd2 59. Kh4 Rd8 60. h6 Rh8 61. Kh5 Kf5 62. Be4+ Ke5 63. Rxa7 Kf6 64. Rg7 Rh7 65. Rxh7 e5 66. a7 Ke6 67. a8Q Kd6 68. Qd5# 1-0

[Event "GER-ch U16"]
[Site "Willingen"]
[Date "2016.05.17"]
[Round "5"]
[White "Piskaykin, Bogdan"]
[Black "Wiesner, Alexander"]
[Result "1/2-1/2"]
[WhiteElo "1851"]
[BlackElo "1948"]
[PlyCount "111"]
[EventDate "2016.05.15"]
[EventType "swiss"]
[EventRounds "9"]
[EventCountry "GER"]
[SourceTitle "CBM 172 Extra"]
[Source "ChessBase"]
[SourceDate "2016.06.21"]
[SourceVersion "1"]
[SourceVersionDate "2016.06.21"]
[SourceQuality "1"]

1. e4 e6 2. d4 d5 3. e5 c5 4. c3 Nc6 5. Nf3 Qb6 6. a3 Bd7 7. b4 cxd4 8. cxd4 Rc8 9. Be3 Nh6 10. Bd3 Ng4 11. 0-0 Nxe3 12. fxe3 g6 13. Nbd2 Bh6 14. Qe2 Ne7 15. Rfc1 Rxc1+ 16. Rxc1 Nf5 17. Nf1 0-0 18. Rc5 Rc8 19. Rxc8+ Bxc8 20. g4 Ne7 21. Qc2 Bd7 22. g5 Bf8 23. N1d2 Nf5 24. Bxf5 exf5 25. Qc3 Ba4 26. Kf2 Qb5 27. Ne1 b6 28. Nd3 Bd1 29. Ke1 Bg4 30. Nf4 Be7 31. h3 Bh5 32. Qc8+ Kg7 33. Nxh5+ gxh5 34. Qxf5 a5 35. bxa5 Qxa5 36. e6 fxe6 37. Qxe6 Bxg5 38. Qd7+ Kg6 39. Qe8+ Kg7 40. Qxh5 h6 41. h4 Bf6 42. Qg4+ Kh7 43. Qf5+ Kg7 44. h5 Bg5 45. Qg6+ Kf8 46. Qd6+ Kg7 47. Qd7+ Kf8 48. a4 Qc3 49. Qf5+ Ke7 50. Qe5+ Kf8 51. Ke2 Qa3 52. Qh8+ Kf7 53. Qh7+ Kf8 54. Qh8+ Kf7 55. Qe5 Kf8 56. Qh8+ 1/2-1/2

[Event "GER-ch U16"]
[Site "Willingen"]
[Date "2016.05.15"]
[Round "1"]
[White "Piskaykin, Bogdan"]
[Black "Pallas, Sebastian"]
[Result "0-1"]
[WhiteElo "1851"]
[BlackElo "2152"]
[PlyCount "82"]
[EventDate "2016.05.15"]
[EventType "swiss"]
[EventRounds "9"]
[EventCountry "GER"]
[SourceTitle "CBM 172 Extra"]
[Source "ChessBase"]
[SourceDate "2016.06.21"]
[SourceVersion "1"]
[SourceVersionDate "2016.06.21"]
[SourceQuality "1"]

1. e4 c5 2. Nf3 d6 3. d4 cxd4 4. Nxd4 Nf6 5. Nc3 a6 6. g3 g6 7. Bg2 Bg7 8. 0-0 0-0 9. a4 Nbd7 10. h3 Qc7 11. Kh2 Rd8 12. f4 e5 13. Nde2 Nb6 14. Qe1 Be6 15. a5 Nbd7 16. b3 exf4 17. gxf4 d5 18. e5 Ne4 19. Nxe4 dxe4 20. Ra2 f5 21. Be3 Re8 22. Qf2 Kh8 23. Kh1 Bf8 24. Rd1 Bb4 25. Bd2 Bxd2 26. Rxd2 Rad8 27. Ra4 Nb8 28. Nd4 Nc6 29. Nxc6 bxc6 30. Rxd8 Rxd8 31. Qh4 Kg8 32. Qf2 Qd7 33. Ra1 Qd2 34. Qb6 e3 35. Qxc6 Kf7 36. Qb7+ Rd7 37. Qxa6 e2 38. Bf1 Bd5+ 39. Bg2 Bxg2+ 40. Kh2 Bd5 41. Qf6+ Kg8 0-1

[Event "GER-ch U14"]
[Site "Willingen"]
[Date "2015.05.27"]
[Round "6"]
[White "Silber, Kevin"]
[Black "Piskaykin, Bogdan"]
[Result "0-1"]
[WhiteElo "1786"]
[BlackElo "1845"]
[PlyCount "68"]
[EventDate "2015.05.24"]
[EventType "swiss"]
[EventRounds "9"]
[EventCountry "GER"]
[SourceTitle "CBM 166 Extra"]
[Source "ChessBase"]
[SourceDate "2015.06.18"]
[SourceVersion "1"]
[SourceVersionDate "2015.06.18"]
[SourceQuality "1"]

1. e4 c5 2. Nf3 d6 3. Bb5+ Bd7 4. Bxd7+ Qxd7 5. c4 e5 6. d3 g6 7. Nc3 h6 8. Bd2 Bg7 9. a3 Nc6 10. 0-0 Nge7 11. Qb1 0-0 12. b4 b6 13. b5 Nd8 14. a4 f5 15. a5 Ne6 16. axb6 axb6 17. Ra6 Rab8 18. Nd5 fxe4 19. dxe4 Nc8 20. Qa2 Rxf3 21. gxf3 Nd4 22. Kg2 Qf7 23. Qa3 g5 24. Qd3 Qh5 25. Re1 Kh7 26. h3 Rb7 27. Re3 Ne7 28. Nxe7 Rxe7 29. Ra3 Rf7 30. Qb1 Rf4 31. Red3 Rh4 32. Qh1 Qf7 33. Bc1 Qxc4 34. Re3 Nxb5 0-1

[Event "GER-ch U14"]
[Site "Willingen"]
[Date "2015.05.25"]
[Round "3"]
[White "Piskaykin, Bogdan"]
[Black "Ortmeier, Leonhard"]
[Result "1-0"]
[WhiteElo "1845"]
[BlackElo "1737"]
[PlyCount "139"]
[EventDate "2015.05.24"]
[EventType "swiss"]
[EventRounds "9"]
[EventCountry "GER"]
[SourceTitle "CBM 166 Extra"]
[Source "ChessBase"]
[SourceDate "2015.06.18"]
[SourceVersion "1"]
[SourceVersionDate "2015.06.18"]
[SourceQuality "1"]

1. e4 c5 2. Nf3 Nc6 3. d4 cxd4 4. Nxd4 e5 5. Nb5 a6 6. Nd6+ Bxd6 7. Qxd6 Qf6 8. Qxf6 Nxf6 9. Nc3 d5 10. Bd3 Nb4 11. exd5 Nxd3+ 12. cxd3 Bf5 13. Bg5 Nd7 14. Ne4 0-0 15. Be7 Rfe8 16. Nd6 Rxe7 17. Nxf5 Ree8 18. Rc1 Nf6 19. Ne3 Rad8 20. Rc5 Rd7 21. 0-0 Red8 22. Rfc1 h6 23. Nc4 e4 24. Nb6 Rd6 25. Nc8 R6d7 26. dxe4 Nxe4 27. Rc7 Kh7 28. f3 Nf6 29. Rxd7 Rxd7 30. d6 Ne8 31. Re1 Nf6 32. Re7 Rd8 33. Rc7 Kg8 34. Ne7+ Kf8 35. Nf5 b5 36. Ra7 h5 37. Rxa6 g6 38. Nd4 b4 39. Nb5 Ke8 40. Ra7 Rd7 41. Ra8+ Rd8 42. Ra4 Nd5 43. Nc7+ Nxc7 44. dxc7 Rc8 45. Ra7 Kd7 46. Kf2 Kc6 47. Ra6+ Kb5 48. Ra7 Kb6 49. Ra4 Kb5 50. b3 Rxc7 51. a3 bxa3 52. Rxa3 Kb4 53. Ra4+ Kxb3 54. Rf4 f5 55. Kg3 Rd7 56. h3 Rd2 57. h4 Kc3 58. Ra4 Rd6 59. Ra8 Kd4 60. Kf4 Kd3 61. Kg5 Ke3 62. Rg8 Kf2 63. Rxg6 Rxg6+ 64. Kxg6 Kxg2 65. Kg5 Kg3 66. f4 Kh3 67. Kxh5 Kg3 68. Kg5 Kf3 69. h5 Ke4 70. h6 1-0

[Event "Stuttgart-chB int"]
[Site "Ditzingen"]
[Date "2013.05.11"]
[Round "5"]
[White "Zerweck, Christoph"]
[Black "Piskaykin, Bogdan"]
[Result "0-1"]
[WhiteElo "1774"]
[BlackElo "1586"]
[PlyCount "44"]
[EventDate "2013.05.09"]
[EventType "swiss"]
[EventRounds "7"]
[EventCountry "GER"]
[SourceTitle "EXT 2014"]
[Source "ChessBase"]
[SourceDate "2013.11.20"]
[SourceVersion "1"]
[SourceVersionDate "2013.11.20"]
[SourceQuality "1"]

1. e4 c5 2. Nf3 d6 3. d4 cxd4 4. Nxd4 Nf6 5. Nc3 a6 6. Bc4 e6 7. Bb3 Be7 8. Be3 Nc6 9. g4 Nxd4 10. Bxd4 e5 11. Be3 Nxg4 12. Qe2 Nxe3 13. Qxe3 Be6 14. Bd5 Rb8 15. 0-0-0 Bg5 16. Rhg1 Bxe3+ 17. fxe3 0-0 18. Rg3 Qa5 19. Kb1 Rbc8 20. Rdg1 g6 21. h4 Rxc3 22. bxc3 Bxd5 0-1

[Event "GER-ch U12"]
[Site "Oberhof"]
[Date "2012.05.30"]
[Round "7"]
[White "Piskaykin, Bogdan"]
[Black "Simon, Tessa"]
[Result "1-0"]
[WhiteElo "1634"]
[BlackElo "1438"]
[PlyCount "37"]
[EventDate "2012.05.27"]
[EventType "swiss"]
[EventRounds "11"]
[EventCountry "GER"]
[SourceTitle "CBM 148 Extra"]
[Source "ChessBase"]
[SourceDate "2012.06.22"]
[SourceVersion "1"]
[SourceVersionDate "2012.06.22"]
[SourceQuality "1"]

1. e4 c5 2. Nf3 Nc6 3. Bb5 e6 4. d3 Nge7 5. c3 a6 6. Ba4 b5 7. Bc2 Ng6 8. 0-0 Be7 9. d4 0-0 10. d5 Nce5 11. Nxe5 Nxe5 12. f4 Ng6 13. d6 Bh4 14. g3 Bb7 15. gxh4 Qxh4 16. Qe1 Qg4+ 17. Qg3 Qe2 18. Bd1 Qc4 19. Nd2 1-0

[Event "GER-ch U12"]
[Site "Oberhof"]
[Date "2012.05.29"]
[Round "5"]
[White "Piskaykin, Bogdan"]
[Black "Nothnagel, Marian Can"]
[Result "0-1"]
[WhiteElo "1634"]
[BlackElo "1732"]
[PlyCount "84"]
[EventDate "2012.05.27"]
[EventType "swiss"]
[EventRounds "11"]
[EventCountry "GER"]
[SourceTitle "CBM 148 Extra"]
[Source "ChessBase"]
[SourceDate "2012.06.22"]
[SourceVersion "1"]
[SourceVersionDate "2012.06.22"]
[SourceQuality "1"]

1. e4 e5 2. Nf3 d6 3. d4 exd4 4. Nxd4 Nf6 5. Nc3 Be7 6. g3 c6 7. Bg2 0-0 8. 0-0 Re8 9. Re1 Bf8 10. h3 Nbd7 11. f4 Qc7 12. b3 g6 13. Bb2 Bg7 14. Kh2 Nf8 15. g4 a6 16. a4 Bd7 17. g5 Nh5 18. Qd2 Nxf4 19. Nf3 Nxg2 20. Kxg2 Rad8 21. Rad1 Be6 22. h4 Bc8 23. Rh1 Bg4 24. Qf4 Bh5 25. Rd3 Ne6 26. Qg3 Nc5 27. Re3 Qd7 28. b4 Ne6 29. Rd1 Bxf3+ 30. Rxf3 Nd4 31. Rfd3 Be5 32. Qh3 Qxh3+ 33. Kxh3 Nxc2 34. b5 Nb4 35. R3d2 a5 36. bxc6 bxc6 37. Re2 Na6 38. Kg4 Nc5 39. Kf3 Rb8 40. Rc1 Nb3 41. Rd1 Nd4+ 42. Rxd4 Bxd4 0-1

[Event "Stuttgart-chB int"]
[Site "Ditzingen"]
[Date "2012.05.18"]
[Round "3"]
[White "Piskaykin, Bogdan"]
[Black "Pudmensky, Stefan"]
[Result "0-1"]
[WhiteElo "1560"]
[BlackElo "1853"]
[PlyCount "76"]
[EventDate "2012.05.17"]
[EventType "swiss"]
[EventRounds "7"]
[EventCountry "GER"]
[SourceTitle "EXT 2018"]
[Source "ChessBase"]
[SourceDate "2017.10.13"]
[SourceVersion "1"]
[SourceVersionDate "2017.10.13"]
[SourceQuality "1"]

1. e4 c5 2. Nf3 d6 3. d4 cxd4 4. Nxd4 Nf6 5. Nc3 a6 6. f3 e5 7. Nb3 Be6 8. Be3 b5 9. Qd2 Nbd7 10. 0-0-0 Be7 11. g4 h6 12. Kb1 Nb6 13. Qf2 Nfd7 14. Na5 b4 15. Nc6 Qc7 16. Nxb4 a5 17. Nbd5 Bxd5 18. Nxd5 Nxd5 19. exd5 Rb8 20. a4 0-0 21. h4 Qb7 22. Bb5 f5 23. g5 f4 24. Bd2 hxg5 25. hxg5 Bxg5 26. Qh2 Bf6 27. Qh7+ Kf7 28. Qh5+ Ke7 29. Rhe1 Nc5 30. b4 axb4 31. Qg4 Qc8 32. Qxc8 Rfxc8 33. Bxb4 Nxa4 34. Bxa4 Rxb4+ 35. Bb3 Ra8 36. Kc1 e4 37. Rxe4+ Rxe4 38. fxe4 Bc3 0-1

[Event "GER-ch U10"]
[Site "Oberhof"]
[Date "2011.06.15"]
[Round "7"]
[White "Savchenko, Daniel"]
[Black "Piskaykin, Bogdan"]
[Result "0-1"]
[WhiteElo "1411"]
[BlackElo "1329"]
[PlyCount "51"]
[EventDate "2011.06.11"]
[EventType "swiss"]
[EventRounds "11"]
[EventCountry "GER"]
[SourceTitle "CBM 142 Extra"]
[Source "ChessBase"]
[SourceDate "2011.06.27"]
[SourceVersion "1"]
[SourceVersionDate "2011.06.27"]
[SourceQuality "1"]

1. e4 c5 2. Nf3 d6 3. d4 cxd4 4. Nxd4 Nf6 5. Nc3 a6 6. f3 e6 7. Be3 b5 8. Qd2 Bb7 9. 0-0-0 Be7 10. h4 Nfd7 11. h5 h6 12. g4 Nc6 13. Nce2 Rc8 14. Nc3 Na5 15. Kb1 Nc4 16. Bxc4 Rxc4 17. Rdg1 Ne5 18. f4 Rxd4 19. Qxd4 Nf3 20. Qxg7 Bf6 21. Qxh8+ Bxh8 22. Rf1 Bxc3 23. bxc3 Bxe4 24. Rh3 Qa8 25. g5 Nd2+ 26. Bxd2 0-1